Muslims and Indian Nationalism (Record no. 5775)

MARC details
000 -LEADER
fixed length control field 00558nam a2200241 a 4500
020 ## - INTERNATIONAL STANDARD BOOK NUMBER
ISBN
082 00 - DEWEY DECIMAL CLASSIFICATION NUMBER
Classification number 323.39710954
Author Cutter KAU
100 ## - MAIN ENTRY--AUTHOR NAME
Author name Kaura, Uma
245 ## - TITLE STATEMENT
Title Muslims and Indian Nationalism
260 ## - PUBLICATION, DISTRIBUTION, ETC. (IMPRINT)
Place of publication Delhi
Name of publisher Manohar
Year of publication 0000
300 ## - PHYSICAL DESCRIPTION
Number of Pages 223p
500 ## - GENERAL NOTE
General note includes index and biblioraphy
505 2# - FORMATTED CONTENTS NOTE
Formatted contents note Index
650 ## - SUBJECT ADDED ENTRY--TOPICAL TERM
Topical Term Muslims-India
942 ## - ADDED ENTRY ELEMENTS (KOHA)
Koha item type Books
700 1# -
-- Kaura, Uma
Holdings
Collection code Home library Current library Date acquired Cost, normal purchase price Full call number Accession Number Koha item type
  Henry Martyn Institute Library Henry Martyn Institute Library 11/08/2013 50.00 323.39710954 KAU 09170 Books
                   Copyright © 2026 | Henry Martyn Institute | Hyderabad | TS-500052 | INDIA | Implemented by hmi.edu.in
Hit-Count:

Powered by Koha